000 01735cam a22004574i 4500
003 PE-LiUPU
005 20250731173356.0
008 150706s1986 caua r 000 0 eng d
020 _a0830711503
035 _a(Sirsi) i9780830711505
040 _aPE-LiUPU
_bspa
_cPE-LiUPU
_erda
049 _aPRUA
082 0 4 _a225.9
_bV63
_221
100 1 _aVigeveno, H. S.,
_eautor.
245 1 0 _a13 Men who changed the world /
_cH. S. Vigeveno.
264 1 _aVentura, California :
_b Regal Books,
_c 1986.
300 _a154 páginas :
_bilustraciones ;
_c21 centímetros
336 _atext
_2rdacontent
337 _aunmediated
_2rdamedia
338 _avolume
_2rdacarrier
505 0 _aHe used what he had -- The practical man -- The visionary -- From means to meaning -- The zealot -- The unknown christian -- He stuck it out -- The traitor -- From sand to rock -- The ambitious one -- From temper to tenderness -- Doubting Thomas -- The great one.
526 _aSEG42
526 _aSEG41
526 _aSEG40
526 _aSEG39
526 _aP94
526 _aP87
526 _aP86
526 _aP85
526 _aP77
526 _aP76
526 _aP35
650 0 4 _aApóstoles
_xBiografías.
910 _agl
_bjck
_d20101110
942 _2ddc
_cBOOK
949 _a225.9 V63
_wDEWEY
_c1
_i62293
_lCCODEBUL1
_mBUL
_p8.00
_r0
_sY
_tBOOK
_u2015-7-6
_xTEOLOGIA
_zUNKNOWN
_0COMPRA
_o.STAFF. Colección General
994 _aC0
_bPEPRU
596 _a1
999 _a225.9 V63
_wDEWEY
_c51363
_i62293
_f2021-11-9
_g5
_lCCODEBUL1
_mBUL
_p8.00
_r0
_sY
_tBOOK
_u2015-7-6
_xTEOLOGIA
_PP35
_0COMPRA
_o.STAFF. Colección Teología
_d51363
980 _81
_gALBERTO SANCHEZ Responsable de Automatización